LEADER 01048nam1 2200349 450 001 990000815780203316 035 $a0081578 035 $aUSA010081578 035 $a(ALEPH)000081578USA01 035 $a0081578 100 $a20011220d--------km-y0itay0103----ba 101 $aita 102 $aIT 105 $a||||||||001yy 200 1 $a<> capacità processuale della donna nel pensiero canonistico classico$fGiovanni Minnucci 210 $aMilano$cA. Giuffrè 215 $av.$d24 cm 410 $12001 461 1$1001-------$12001 606 0 $aDonna$xCapacità processuale$xStoria$zSec. 12. 676 $a347.45066 700 1$aMINNUCCI,$bGiovanni$0228953 801 0$aIT$bsalbc$gISBD 912 $a990000815780203316 951 $aCOLL UU 79$bG$cCOLL UU 959 $aBK 969 $aGIU 979 $aPATTY$b90$c20011220$lUSA01$h1236 979 $c20020403$lUSA01$h1727 979 $aPATRY$b90$c20040406$lUSA01$h1656 996 $aCapacità processuale della donna nel pensiero canonistico classico$9577226 997 $aUNISA LEADER 01439nam--2200373---450- 001 990002299190203316 005 20091109093722.0 035 $a000229919 035 $aUSA01000229919 035 $a(ALEPH)000229919USA01 035 $a000229919 100 $a20041223d1973----km-y0itay0103----ba 101 0 $ager 102 $aDE 105 $a||||||||001yy 200 1 $aAussenhandelsschiedsgerichtsbarkeit der sozialistischen Länder im Handel mit der Bundesrepublik Deutschland$eunter Berücksichtigung des internationalen Privatrechts$fvon Dieter Pfaff$gRechtsanwalt Jan Peter Waehler ... [et al.] 210 $aHeidelberg$cRecht und Wirtschaft$d1973 215 $a887 p.$d22 cm 225 2 $aSchriftenreihe Recht der internationalen Wirtschaft 410 0$12001$aSchriftenreihe Recht der internationalen Wirtschaft 454 1$12001 461 1$1001-------$12001 700 1$aPFAFF,$bDieter$0115977 702 1$aWAEHLER,$bJan Peter 801 0$aIT$bsalbc$gISBD 912 $a990002299190203316 951 $aXXIII.1.L. 415 (IG VIII 26 701)$b38367 G.$cXXIII.1.L. 415 (IG VIII 26)$d00244631 959 $aBK 969 $aGIU 979 $aSIAV4$b10$c20041223$lUSA01$h1044 979 $aRSIAV2$b90$c20091106$lUSA01$h1147 979 $aRSIAV2$b90$c20091109$lUSA01$h0937 996 $aAussenhandelsschiedsgerichtsbarkeit der sozialistischen Länder im Handel mit der Bundesrepublik Deutschland$91068463 997 $aUNISA